NA Men's Sports 2026 (MLB, NFL, NBA, NHL, MLS) - Statistics

General Stats
  • This quiz has been taken 207 times
  • The average score is 102 of 155
Answer Stats
MLB % Correct
Los Angeles Lakers
92%
San Francisco 49ers
90%
Boston Celtics
89%
Arizona Cardinals
88%
New England Patriots
88%
New York Jets
88%
Philadelphia 76ers
88%
St. Louis Cardinals
88%
Winnipeg Jets
88%
Atlanta Hawks
87%
Miami Dolphins
87%
New York Giants
87%
New York Knicks
87%
San Francisco Giants
87%
Cincinnati Reds
86%
Utah Jazz
86%
Chicago White Sox
85%
Detroit Lions
85%
Detroit Pistons
85%
Golden State Warriors
85%
Kansas City Chiefs
85%
Los Angeles Clippers
85%
Los Angeles Kings
85%
Los Angeles Rams
85%
New York Yankees
85%
Philadelphia Eagles
85%
Sacramento Kings
85%
Seattle Seahawks
85%
Toronto Raptors
85%
Boston Red Sox
84%
Minnesota Timberwolves
84%
Baltimore Ravens
83%
Brooklyn Nets
83%
Chicago Bulls
83%
Denver Nuggets
83%
Miami Heat
83%
Chicago Bears
82%
Dallas Cowboys
82%
Houston Texans
82%
Los Angeles Dodgers
82%
Carolina Panthers
81%
Charlotte Hornets
81%
Cleveland Browns
81%
Cleveland Cavaliers
81%
Dallas Mavericks
81%
Florida Panthers
81%
Green Bay Packers
81%
Houston Rockets
81%
Oklahoma City Thunder
81%
Atlanta Falcons
80%
Milwaukee Bucks
80%
Orlando Magic
80%
Phoenix Suns
80%
Denver Broncos
79%
Indianapolis Colts
79%
Los Angeles Chargers
79%
Minnesota Vikings
79%
Washington Commanders
79%
Cincinnati Bengals
78%
Indiana Pacers
78%
Portland Trail Blazers
78%
Tampa Bay Buccaneers
78%
Washington Wizards
78%
Detroit Tigers
77%
Las Vegas Raiders
77%
New York Mets
77%
New York Rangers
77%
Pittsburgh Steelers
77%
San Antonio Spurs
77%
Texas Rangers
77%
Jacksonville Jaguars
76%
Tennessee Titans
76%
Buffalo Bills
75%
Memphis Grizzlies
75%
New Orleans Pelicans
75%
New Orleans Saints
75%
Arizona Diamondbacks
74%
Chicago Cubs
73%
Miami Marlins
73%
Toronto Blue Jays
73%
Seattle Mariners
72%
Baltimore Orioles
71%
Cleveland Guardians
71%
Houston Astros
71%
Los Angeles Angels
70%
Minnesota Twins
70%
Atlanta Braves
69%
Philadelphia Phillies
69%
Pittsburgh Pirates
69%
San Diego Padres
67%
Athletics
66%
Kansas City Royals
66%
Milwaukee Brewers
66%
Colorado Rockies
65%
Vegas Golden Knights
65%
Washington Nationals
65%
Tampa Bay Rays
64%
Boston Bruins
63%
Pittsburgh Penguins
63%
Chicago Blackhawks
62%
Colorado Avalanche
62%
Detroit Red Wings
61%
Edmonton Oilers
61%
Minnesota Wild
59%
New York Islanders
59%
St. Louis Blues
59%
Dallas Stars
58%
Vancouver Canucks
58%
San Jose Sharks
57%
Tampa Bay Lightning
57%
Washington Capitals
57%
Buffalo Sabres
56%
Toronto Maple Leafs
56%
Columbus Blue Jackets
55%
Montreal Canadiens
55%
Nashville Predators
55%
Philadelphia Flyers
55%
Seattle Kraken
55%
Utah Mammoth
55%
Anaheim Ducks
54%
Carolina Hurricanes
54%
Ottawa Senators
54%
Calgary Flames
53%
New Jersey Devils
52%
Inter Miami CF
45%
LA Galaxy
45%
New York Red Bulls
44%
Los Angeles FC
41%
Vancouver Whitecaps FC
40%
Seattle Sounders FC
36%
Toronto FC
36%
Atlanta United
35%
CF Montréal
35%
FC Dallas
35%
New England Revolution
34%
Portland Timbers
34%
Chicago Fire FC
33%
St. Louis CITY SC
33%
Nashville SC
32%
Philadelphia Union
32%
Orlando City SC
31%
FC Cincinnati
30%
New York City FC
30%
D.C. United
29%
Houston Dynamo FC
29%
San Jose Earthquakes
29%
Columbus Crew
28%
Minnesota United FC
28%
Austin FC
27%
Charlotte FC
27%
Real Salt Lake
26%
San Diego FC
26%
Colorado Rapids
24%
Seattle Supersonics
21%
Sporting Kansas City
21%
No matching quizzes found
Score Distribution
Percent of People with Each Score
Percentile by Number Answered
Your Score History
You have not taken this quiz